El diablo en la botella y otros cuentos /
En estos cuentos nos encontramos con unos enigmas muy especiales, tan especiales que vienen de la mano de lo sobrenatural. En "El diablo en la botella" se presenta un terrible dilema: ¿podrán Keawe y Kokua aprovecharse del diablo, y aun así salvarse del infierno? En "El fantasma"...
Guardado en:
| Autor Principal: | |
|---|---|
| Otros Autores: | , , , |
| Formato: | Libro |
| Publicado: |
Buenos Aires,
Santillana.
2003 :
|
| Series: | Leer es genial. Ingenio y enigmas
|
| Materias: | |
| Etiquetas: |
Agregar Etiqueta
Sin Etiquetas, Sea el primero en etiquetar este registro!
|
| LEADER | 01682nam a22003015a 4500 | ||
|---|---|---|---|
| 001 | CEM.cems020000 | ||
| 008 | 230420b2001##################000#0#####d | ||
| 005 | 20230420174549.0 | ||
| 245 | 1 | 0 | |a El diablo en la botella y otros cuentos / |c Robert Louis Stevenson, Catherine Wells y Victor Hugo ; ilustrado por Sara Sedran; prólogo de Esteban Valentino. |
| 260 | |a Buenos Aires, |c 2003 : |b Santillana. | ||
| 300 | |a 88 p. | ||
| 490 | 0 | |a Leer es genial. Ingenio y enigmas | |
| 505 | 0 | |a El diablo en la botella / Robert Louis Stevenson -- El fantasma / Catherine Wells -- El monje y el diablo -- Victor Hugo / La casa encantada -- Anónimo inglés | |
| 520 | |a En estos cuentos nos encontramos con unos enigmas muy especiales, tan especiales que vienen de la mano de lo sobrenatural. En "El diablo en la botella" se presenta un terrible dilema: ¿podrán Keawe y Kokua aprovecharse del diablo, y aun así salvarse del infierno? En "El fantasma" somos testigos de una extraña aparición. El enigma es inquietante: ¿la protagonista se ha topado con el ingenio de un gran actor, o realmente ha recibido una visita sobrenatural? En "El monje y el diablo" un humilde monje debe probar | ||
| 020 | |a 9504614825 | ||
| 100 | 1 | |a Stevenson, Robert Louis. | |
| 700 | 1 | |a Sedran, Sara; il. | |
| 700 | 1 | |a Valentino, Esteban; prol. | |
| 700 | 1 | |a Wells, Catherine. | |
| 700 | 1 | |a Hugo, Victor. | |
| 653 | |a Literatura | ||
| 653 | |a Literatura Latinoamericana | ||
| 653 | |a Cuentos | ||
| 653 | |a Cuentos Latinoamericanos | ||
| 653 | |a Cuentos Infantiles | ||
| 653 | |a Literatura Infantil | ||
| 653 | |a Literatura Fantástica | ||
| 859 | |a CEMS |b BIB. CEMS - Inicial y Primaria |h 823.8 |i St48-1 |k IP |p 2267 |t Ej.1 | ||
